ბათუმის შოთა რუსთაველის სახელმწიფო უნივერსიტეტის ბიბლიოთეკა

Микробиология загрязненных вод=Water Pollution Microbiology (ბიბ.ჩანაწერი № 45620)

000 -LEADER
fixed length control field 00645nam a2200205Ia 4500
001 - CONTROL NUMBER
control field 12446
003 - CONTROL NUMBER IDENTIFIER
control field GE_BSU
008 - FIXED-LENGTH DATA ELEMENTS--GENERAL INFORMATION
fixed length control field 181216s||||||||xx |||||||||||||| ||und||
040 ## - CATALOGING SOURCE
Transcribing agency GE_BSU
080 ## - UNIVERSAL DECIMAL CLASSIFICATION NUMBER
Universal Decimal Classification number 613.32:579
245 ## - TITLE STATEMENT
Title Микробиология загрязненных вод=Water Pollution Microbiology
245 ## - TITLE STATEMENT
Statement of responsibility, etc. Под.ред.Р.Митчелла.Ред. Р.Т.Маликов
260 ## - PUBLICATION, DISTRIBUTION, ETC.
Place of publication, distribution, etc. Москва
260 ## - PUBLICATION, DISTRIBUTION, ETC.
Name of publisher, distributor, etc. Медицина
260 ## - PUBLICATION, DISTRIBUTION, ETC.
Date of publication, distribution, etc. 1976
300 ## - PHYSICAL DESCRIPTION
Extent 319стр.20см.
653 ## - INDEX TERM--UNCONTROLLED
Uncontrolled term Микробиология загрязненных вод
653 ## - INDEX TERM--UNCONTROLLED
Uncontrolled term მიკრობიოლოგია
942 ## - ADDED ENTRY ELEMENTS (KOHA)
Koha item type წიგნი
ეგზემპლარები
Withdrawn status Lost status Damaged status Not for loan Date acquired Barcode Date last seen Price effective from Koha item type
        2018-12-17 20723 2018-12-17 2018-12-17 წიგნი
        2018-12-17 20724 2018-12-17 2018-12-17 წიგნი